<?xml version="1.0" encoding="UTF-8"?>
<collection xmlns="http://www.loc.gov/MARC21/slim">
 <record>
  <leader>01082cam a2200361 i 4500</leader>
  <controlfield tag="001">000044257</controlfield>
  <controlfield tag="003">2609</controlfield>
  <controlfield tag="005">20030319103143.0</controlfield>
  <controlfield tag="008">010307|1995    vm            000   fre</controlfield>
  <datafield tag="020" ind1=" " ind2=" ">
   <subfield code="a">0009935037</subfield>
  </datafield>
  <datafield tag="040" ind1=" " ind2=" ">
   <subfield code="a">IRC</subfield>
   <subfield code="c">IRC</subfield>
   <subfield code="d">IRC</subfield>
  </datafield>
  <datafield tag="041" ind1="0" ind2=" ">
   <subfield code="a">fre</subfield>
  </datafield>
  <datafield tag="082" ind1="1" ind2="4">
   <subfield code="a">005.4</subfield>
   <subfield code="b">CO-J</subfield>
  </datafield>
  <datafield tag="100" ind1="1" ind2=" ">
   <subfield code="a">Contensou, Jean-Noel.</subfield>
  </datafield>
  <datafield tag="245" ind1="0" ind2="3">
   <subfield code="a">Le câblage des algorithmes /</subfield>
   <subfield code="c">Jean-Noel Contensou.</subfield>
  </datafield>
  <datafield tag="260" ind1=" " ind2=" ">
   <subfield code="a">Paris :</subfield>
   <subfield code="b">Hermes,</subfield>
   <subfield code="c">1995.</subfield>
  </datafield>
  <datafield tag="300" ind1=" " ind2=" ">
   <subfield code="a">404Tr. ;</subfield>
   <subfield code="c">23,5cm.</subfield>
  </datafield>
  <datafield tag="520" ind1="3" ind2=" ">
   <subfield code="a">Premiere partie conception algorithmique des circutts, Deuxieme partie vers L'automtition du cablage, Troisieme Partie. Du cablage a la Programmation, Quatrieme partie. Exemples de traitements syncirc....</subfield>
  </datafield>
  <datafield tag="630" ind1="0" ind2="4">
   <subfield code="a">Computer.</subfield>
  </datafield>
  <datafield tag="630" ind1="0" ind2="4">
   <subfield code="a">Informatique.</subfield>
  </datafield>
  <datafield tag="630" ind1="0" ind2="4">
   <subfield code="a">Câblage.</subfield>
  </datafield>
  <datafield tag="630" ind1="0" ind2="4">
   <subfield code="a">Algorithms.</subfield>
  </datafield>
  <datafield tag="650" ind1="0" ind2="4">
   <subfield code="a">Câblage</subfield>
   <subfield code="x">Algorithmes Informatique.</subfield>
  </datafield>
  <datafield tag="OWN" ind1=" " ind2=" ">
   <subfield code="a">DUT</subfield>
  </datafield>
  <datafield tag="999" ind1=" " ind2=" ">
   <subfield code="a">From the UDN01</subfield>
  </datafield>
  <datafield tag="TYP" ind1=" " ind2=" ">
   <subfield code="a">Monograph</subfield>
  </datafield>
  <datafield tag="TYP" ind1=" " ind2=" ">
   <subfield code="a">Printed language</subfield>
  </datafield>
  <datafield tag="980" ind1=" " ind2=" ">
   <subfield code="a">Mạng thư viện Đại học Đà Nẵng</subfield>
  </datafield>
 </record>
</collection>
